[Event "Lichtenrader Herbst"]
[Site "?"]
[Date "2008.10.21"]
[Round "4.13"]
[White "Völz, Stephan"]
[Black "Reichenbach, Werner"]
[Result "0-1"]
[WhiteElo "2010"]
[BlackElo "2285"]
[PlyCount "136"]
[EventDate "2008.??.??"]

1. d4 Nf6 2. c4 e6 3. Nc3 Bb4 4. e3 c5 5. Bd3 Nc6 6. Nge2 d6 7. O-O Bxc3 8.
bxc3 e5 9. d5 Ne7 10. e4 Ng6 11. f4 exf4 12. Nxf4 Ne5 13. Qc2 O-O 14. Ne2 Nfd7
15. Bf4 Re8 16. Ng3 g6 17. Qd2 Qe7 18. Be2 b6 19. Rf2 f6 20. Raf1 Rf8 21. Bh6
Rf7 22. Qf4 Ba6 23. h4 Bxc4 24. Bxc4 Nxc4 25. h5 Nce5 26. Qh4 Re8 27. Bc1 Nd3
28. Rf3 Nxc1 29. Rxc1 Ne5 30. Rff1 Ref8 31. h6 Qd7 32. Ne2 Qg4 33. Qxg4 Nxg4
34. Nf4 Nxh6 35. Ne6 Re8 36. Rf4 f5 37. Rcf1 fxe4 38. Rxe4 Rxf1+ 39. Kxf1 Nf5
40. Re1 Re7 41. g4 Ng7 42. Kf2 h6 43. Kf3 Nxe6 44. dxe6 Kg7 45. a4 Kf6 46. Rh1
Kg5 47. Re1 Kf6 48. Rh1 Rh7 49. Re1 d5 50. a5 Re7 51. Rd1 Kxe6 52. Rh1 Rh7 53.
Rb1 Rb7 54. Rh1 bxa5 55. Rxh6 Kf6 56. Kf4 Re7 57. g5+ Kg7 58. Rh1 Re4+ 59. Kf3
Rc4 60. Rb1 Kf7 61. Rb7+ Ke6 62. Rxa7 Rxc3+ 63. Kf4 Rc4+ 64. Kf3 Kf5 65. Rxa5
Rc3+ 66. Ke2 Kxg5 67. Kd2 d4 68. Ra8 Kg4 0-1

[Event "Lichtenrader Herbst"]
[Site "?"]
[Date "2008.10.21"]
[Round "4.19"]
[White "Zschäbitz, Klaus"]
[Black "Krusemark, Gerhard"]
[Result "1-0"]
[WhiteElo "2114"]
[BlackElo "1895"]
[PlyCount "71"]
[EventDate "2008.??.??"]

1. d4 Nf6 2. Nf3 g6 3. c4 d5 4. cxd5 Bg7 5. Qa4+ Bd7 6. Qb3 Na6 7. Nc3 c5 8.
dxc6 Bxc6 9. Ne5 Bd5 10. Qa4+ Kf8 11. Bg5 Be6 12. e4 h6 13. Be3 Rc8 14. Bxa6
bxa6 15. Qxa6 Rc7 16. Nxg6+ Kg8 17. Ne5 Qb8 18. Qe2 Rxc3 19. bxc3 Nxe4 20. Rc1
Kh7 21. Bf4 Qb7 22. O-O f6 23. Nd3 Bc4 24. Rfe1 f5 25. Qb2 Qa8 26. Nb4 Bf6 27.
f3 Ng5 28. Re3 Rg8 29. Kh1 a5 30. Nd3 Bd5 31. Qe2 Rg7 32. c4 Bb7 33. d5 e6 34.
Bxg5 Bxg5 35. f4 Bh4 36. Rxe6 1-0

[Event "Lichtenrader Herbst"]
[Site "?"]
[Date "2008.10.22"]
[Round "5.1"]
[White "Graf, Alexander"]
[Black "Kiesekamp, Marcos"]
[Result "1-0"]
[WhiteElo "2636"]
[BlackElo "2338"]
[PlyCount "45"]
[EventDate "2008.??.??"]

1. c4 e6 2. Nf3 Nf6 3. g3 d5 4. d4 dxc4 5. Bg2 a6 6. O-O Nc6 7. e3 Rb8 8. Nfd2
Nd5 9. Nxc4 b5 10. Ncd2 Bb7 11. Nb3 Nb6 12. Nc3 Be7 13. a4 bxa4 14. Nxa4 Nxa4
15. Rxa4 Nb4 16. Bxb7 Rxb7 17. Bd2 Qd5 18. Nc5 Bxc5 19. dxc5 Nd3 20. Rd4 Nxb2
21. Qg4 Qxc5 22. Qxg7 Rf8 23. Qf6 1-0

[Event "Lichtenrader Herbst"]
[Site "?"]
[Date "2008.10.22"]
[Round "5.2"]
[White "Rudolf, Henrik"]
[Black "Rivera Boris, Miguel"]
[Result "1-0"]
[WhiteElo "2368"]
[BlackElo "1948"]
[PlyCount "53"]
[EventDate "2008.??.??"]

1. e4 e5 2. Nf3 Nc6 3. Bb5 a6 4. Ba4 b5 5. Bb3 Bc5 6. a4 Rb8 7. c3 Nf6 8. O-O
d6 9. d4 exd4 10. cxd4 Bb6 11. h3 h6 12. axb5 axb5 13. Nc3 b4 14. Ba4 Bd7 15.
e5 bxc3 16. exf6 Qxf6 17. Re1+ Ne7 18. Bxd7+ Kxd7 19. bxc3 Nc6 20. Be3 Ra8 21.
Rxa8 Rxa8 22. Ne5+ Nxe5 23. dxe5 Qe6 24. Bxb6 cxb6 25. exd6 Qxd6 26. Qf3 Qb8
27. Qd5+ 1-0

[Event "Lichtenrader Herbst"]
[Site "?"]
[Date "2008.10.22"]
[Round "5.3"]
[White "Hein, Carsten"]
[Black "Meister, Jakob"]
[Result "0-1"]
[WhiteElo "2154"]
[BlackElo "2481"]
[PlyCount "168"]
[EventDate "2008.??.??"]

1. d4 g6 2. Nf3 Bg7 3. g3 b6 4. Bg2 Bb7 5. c4 e6 6. Nc3 Ne7 7. e4 d6 8. Bg5 h6
9. Be3 O-O 10. Qd2 Kh7 11. h4 Nd7 12. O-O-O Nf6 13. h5 Ng4 14. hxg6+ Nxg6 15.
Bg5 Qd7 16. Bf4 Rh8 17. Bh3 Nf6 18. d5 Kg8 19. Qd3 Qe8 20. dxe6 fxe6 21. Rhe1
Nd7 22. Nb5 Nc5 23. Qc2 Nxf4 24. gxf4 Qh5 25. Ng1 Qf7 26. f3 a6 27. Nd4 Qxf4+
28. Kb1 Bxd4 29. Rxd4 Kf7 30. Qd1 e5 31. Rd2 Ke7 32. b4 Ne6 33. Bxe6 Kxe6 34.
Ne2 Qf6 35. Nc3 Rad8 36. Rh2 Kd7 37. c5 bxc5 38. bxc5 Kc8 39. c6 Bxc6 40. Nd5
Bxd5 41. Qxd5 Kd7 42. Rc2 Rc8 43. Qc6+ Ke7 44. Re3 a5 45. Rb3 Rhd8 46. Qb7 a4
47. Rb4 Qxf3 48. Rxc7+ Rxc7 49. Qxc7+ Rd7 50. Qc1 a3 51. Rc4 Qe2 52. Rb4 Qd3+
53. Ka1 Kf7 54. Rc4 Kg6 55. Qg1+ Kh7 56. Rc7 Qb5 57. Rb7 Qc6 58. Qe3 Rg7 59.
Rxg7+ Kxg7 60. Qa7+ Kg6 61. Qxa3 h5 62. Qg3+ Kh7 63. Qe3 Qc2 64. Qg5 Qxe4 65.
Qxh5+ Kg7 66. Qg5+ Kf7 67. Qh5+ Ke7 68. Kb2 Qb4+ 69. Kc2 Qc4+ 70. Kb2 Kd7 71.
Qf5+ Kc7 72. Qh7+ Kb6 73. Qh8 Qb4+ 74. Kc2 Kc5 75. Qc8+ Kd4 76. Qg4+ e4 77.
Qg7+ Kc4 78. Qf7+ d5 79. Qf1+ Kc5 80. Qf8+ Kb5 81. Qb8+ Ka4 82. Qa8+ Qa5 83.
Qe8+ Qb5 84. Qa8+ Kb4 0-1

[Event "Lichtenrader Herbst"]
[Site "?"]
[Date "2008.10.22"]
[Round "5.4"]
[White "Behrmann, Joachim"]
[Black "Dauth, Benjamin"]
[Result "1/2-1/2"]
[WhiteElo "2204"]
[BlackElo "2266"]
[PlyCount "230"]
[EventDate "2008.??.??"]

1. d4 Nf6 2. c4 e5 3. dxe5 Ng4 4. Bf4 Nc6 5. Nf3 Bb4+ 6. Nbd2 Qe7 7. e3 Ncxe5
8. Nxe5 Nxe5 9. Be2 Ng6 10. Bg3 O-O 11. O-O Bd6 12. Bxd6 Qxd6 13. Nf3 Qe7 14.
Rc1 d6 15. Qd4 b6 16. Rfd1 a5 17. b3 Bb7 18. Rd2 Ne5 19. Nxe5 dxe5 20. Qd7 Qg5
21. Qg4 Qh6 22. Bf3 f5 23. Qh5 Qxh5 24. Bxh5 Bc6 25. Rcd1 g5 26. Bf3 e4 27. Be2
Kg7 28. g3 Kg6 29. Rd4 Rae8 30. Rc1 Re6 31. Rcd1 Kf6 32. Rd8 Ree8 33. Rxe8 Rxe8
34. Kf1 Ke7 35. Ke1 Rf8 36. Kd2 Bd7 37. Rh1 Rf6 38. f4 exf3 39. Bxf3 Rd6+ 40.
Kc3 Rh6 41. Kd4 Rd6+ 42. Kc3 Rh6 43. Kd4 Kd6 44. e4 c5+ 45. Ke3 Re6 46. Rd1+
Ke7 47. Kf2 Rd6 48. Ke3 Re6 49. Kf2 Rf6 50. exf5 Bxf5 51. Kg2 Rd6 52. Re1+ Re6
53. Rf1 Bg6 54. Rf2 Rf6 55. Rd2 Rd6 56. Re2+ Re6 57. Rf2 Bd3 58. Bd5 Rf6 59.
Rd2 Bf1+ 60. Kg1 Bh3 61. Bg2 Bg4 62. Bd5 Rd6 63. Rf2 Rf6 64. Rd2 h6 65. Kg2 Bf5
66. Re2+ Kd6 67. Kg1 Bg4 68. Re1 Rg6 69. Kf2 Rg7 70. Re8 Rg6 71. Re1 Bd7 72.
Ke3 Rf6 73. Ke2 Bf5 74. Ke3 Ke5 75. Kd2+ Kd4 76. Rf1 Ke5 77. Re1+ Kd6 78. Re8
Bb1 79. a3 Bg6 80. Rb8 Ke5 81. Ke3 Rd6 82. Rb7 Bc2 83. Re7+ Kf6 84. Rf7+ Kg6
85. Re7 Bxb3 86. Kd3 Kf5 87. Kc3 Bd1 88. h3 h5 89. Be4+ Kf6 90. Re8 Ba4 91. Rh8
Bd1 92. Bd3 Kg7 93. Rh7+ Kg8 94. Re7 Rh6 95. Re5 g4 96. h4 Kf7 97. Be4 Kf6 98.
Rg5 Rh8 99. Bg6 Rg8 100. Bc2 Rd8 101. Rxh5 Bxc2 102. Kxc2 Rd4 103. Kc3 Re4 104.
Kd3 Re1 105. Rg5 Ra1 106. Rxg4 Rxa3+ 107. Ke4 Rc3 108. Kd5 a4 109. h5 Rd3+ 110.
Kc6 Rd4 111. Rg6+ Kf7 112. Kxb6 Rxc4 113. Kb5 Rb4+ 114. Kxc5 Rb3 115. Ra6 Rxg3
1/2-1/2

[Event "Lichtenrader Herbst"]
[Site "?"]
[Date "2008.10.22"]
[Round "5.5"]
[White "Boewer, Roland"]
[Black "Maahs, Erich"]
[Result "1-0"]
[WhiteElo "2238"]
[BlackElo "2151"]
[PlyCount "117"]
[EventDate "2008.??.??"]

1. e4 e5 2. Nf3 Nf6 3. Nxe5 d6 4. Nf3 Nxe4 5. Qe2 Qe7 6. d3 Nf6 7. Bg5 Qxe2+ 8.
Bxe2 Be7 9. Nc3 c6 10. O-O O-O 11. Rfe1 h6 12. Bf1 Be6 13. Bh4 Na6 14. Nd4 Nc7
15. f3 Rfe8 16. Nxe6 Nxe6 17. Bf2 d5 18. a3 Bc5 19. Bxc5 Nxc5 20. d4 Ne6 21.
Rad1 a5 22. g3 Re7 23. Bh3 Rae8 24. Kf2 Kf8 25. Ne2 Nc7 26. Nf4 Rxe1 27. Rxe1
Rxe1 28. Kxe1 Nb5 29. c3 Nd6 30. Bf1 Ke7 31. Ng2 Nd7 32. Kd2 Nb6 33. Ne3 f5 34.
b3 g5 35. Bd3 Ke6 36. g4 f4 37. Nf5 Nf7 38. c4 Kf6 39. Kc3 Nc8 40. c5 b5 41.
cxb6 Nxb6 42. b4 a4 43. b5 cxb5 44. Bxb5 h5 45. h3 hxg4 46. hxg4 Ke6 47. Kb4
Nd6 48. Nxd6 Kxd6 49. Bxa4 Nc4 50. Bb5 Nd2 51. Be2 Kc6 52. Kc3 Nb1+ 53. Kb2 Nd2
54. Kc2 Ne4 55. fxe4 dxe4 56. a4 Kd5 57. a5 Kxd4 58. a6 Ke3 59. Bb5 1-0

[Event "Lichtenrader Herbst"]
[Site "?"]
[Date "2008.10.22"]
[Round "5.6"]
[White "Grochowalski, Pawel"]
[Black "Meißner, Hans-Jürgen"]
[Result "1/2-1/2"]
[WhiteElo "2096"]
[BlackElo "2216"]
[PlyCount "43"]
[EventDate "2008.??.??"]

1. d4 Nf6 2. c4 g6 3. Nc3 Bg7 4. e4 O-O 5. g3 d6 6. Bg2 e5 7. d5 a5 8. Nge2 Na6
9. O-O Nc5 10. f3 c6 11. Be3 cxd5 12. cxd5 b6 13. Nb5 Ba6 14. Nec3 Qd7 15. a4
Ne8 16. Rb1 Nc7 17. b4 axb4 18. Rxb4 Bxb5 19. Nxb5 Nxb5 20. Rxb5 Nxa4 21. Qb3
Nc5 22. Qb1 1/2-1/2

[Event "Lichtenrader Herbst"]
[Site "?"]
[Date "2008.10.22"]
[Round "5.7"]
[White "Gruzmann, Boris"]
[Black "Schulz, Michael"]
[Result "1-0"]
[WhiteElo "2254"]
[BlackElo "2052"]
[PlyCount "61"]
[EventDate "2008.??.??"]

1. e4 c5 2. Nf3 Nc6 3. d4 cxd4 4. Nxd4 g6 5. Nc3 Bg7 6. Be3 Nf6 7. Bc4 O-O 8.
Bb3 a5 9. f3 d5 10. Bxd5 Nxd4 11. Bxd4 e6 12. Bc4 Nxe4 13. Bxg7 Qh4+ 14. g3
Nxg3 15. Bf6 Qxf6 16. hxg3 Qe5+ 17. Ne2 b5 18. Bd3 Bb7 19. O-O Qxb2 20. Qc1 Qe5
21. Qf4 Qc5+ 22. Qd4 Qh5 23. Kg2 b4 24. Qf6 Qc5 25. Rh1 h5 26. Raf1 Rad8 27.
Nf4 Rd7 28. Rf2 a4 29. Bxg6 fxg6 30. Qxg6+ Rg7 31. Qxg7+ 1-0

[Event "Lichtenrader Herbst"]
[Site "?"]
[Date "2008.10.22"]
[Round "5.8"]
[White "Reichenbach, Werner"]
[Black "Steinert, Christian"]
[Result "1-0"]
[WhiteElo "2285"]
[BlackElo "2021"]
[PlyCount "85"]
[EventDate "2008.??.??"]

1. c4 Nf6 2. Nc3 e6 3. e4 d5 4. e5 d4 5. exf6 dxc3 6. bxc3 gxf6 7. d4 c5 8. d5
Nd7 9. dxe6 Qe7 10. Be2 fxe6 11. Bh5+ Kd8 12. Bf3 Kc7 13. Qb3 Qd6 14. Be3 Rb8
15. Rd1 Qb6 16. Bf4+ e5 17. Be3 f5 18. Bd5 Qg6 19. g3 Bd6 20. Ne2 h5 21. Kd2 b6
22. Qa4 Bb7 23. Kc1 b5 24. Qa5+ Kc8 25. cxb5 Nb6 26. Bxb7+ Rxb7 27. Qa6 Kb8 28.
Qa3 Rc8 29. Qb3 c4 30. Qc2 Ba3+ 31. Kd2 Nd5 32. Ke1 Nxe3 33. fxe3 Bc5 34. Rf1
Rf7 35. Rd5 Qe6 36. e4 fxe4 37. Qxe4 Rxf1+ 38. Kxf1 Bd6 39. Kg2 Rc5 40. Nf4 Qe7
41. Rxc5 Bxc5 42. Ng6 Qc7 43. Nxe5 1-0

[Event "Lichtenrader Herbst"]
[Site "?"]
[Date "2008.10.22"]
[Round "5.10"]
[White "Schildt, Rene"]
[Black "Glantz, Robert"]
[Result "0-1"]
[WhiteElo "2007"]
[BlackElo "2197"]
[PlyCount "78"]
[EventDate "2008.??.??"]

1. Nf3 Nf6 2. g3 b6 3. Bg2 Bb7 4. d4 e6 5. O-O Be7 6. c4 O-O 7. Nc3 Ne4 8. Qc2
Nxc3 9. Qxc3 f5 10. Rd1 Bf6 11. Bf4 g5 12. Be5 g4 13. Nh4 Bxg2 14. Nxg2 Nc6 15.
Rac1 Bg5 16. Bf4 Bxf4 17. Nxf4 Qe7 18. a3 Nd8 19. f3 Nf7 20. Kg2 Ng5 21. Qe3
Rae8 22. h4 gxh3+ 23. Nxh3 Nxh3 24. Kxh3 Rf6 25. Qf4 d6 26. Kg2 Qg7 27. Kf2 Rg6
28. Rg1 Kh8 29. Rg2 e5 30. Qxf5 e4 31. Rd1 e3+ 32. Kg1 Rxg3 33. Qh5 Rg8 34. Qg4
Rxg2+ 35. Kxg2 Qf7 36. Kg3 Rxg4+ 37. Kxg4 Qxc4 38. Re1 Qxd4+ 39. Kf5 Qd2 0-1

[Event "Lichtenrader Herbst"]
[Site "?"]
[Date "2008.10.22"]
[Round "5.11"]
[White "Scheide, Helmut"]
[Black "Hämmerlein, Thomas"]
[Result "0-1"]
[WhiteElo "1991"]
[BlackElo "2179"]
[PlyCount "54"]
[EventDate "2008.??.??"]

1. d4 f5 2. c4 Nf6 3. Nf3 d6 4. b3 g6 5. Bb2 Bg7 6. Nbd2 O-O 7. g3 c6 8. Bg2 e5
9. dxe5 Ng4 10. Qc2 Nxe5 11. O-O Na6 12. Bc3 Qe7 13. Rad1 Bd7 14. Rfe1 Rad8 15.
Nd4 f4 16. e4 Ng4 17. Bf3 fxg3 18. hxg3 Qg5 19. Kg2 Be5 20. Nf1 Qh5 21. Rd3 Nc5
22. Rd2 Bxd4 23. Bxd4 Rxf3 24. Bxc5 dxc5 25. Rxd7 Rxd7 26. Kxf3 Qh1+ 27. Ke2
Qg2 0-1

[Event "Lichtenrader Herbst"]
[Site "?"]
[Date "2008.10.22"]
[Round "5.12"]
[White "Kaphle, Stephan"]
[Black "Roitzsch, Philippe"]
[Result "1-0"]
[WhiteElo "2170"]
[BlackElo "1964"]
[PlyCount "73"]
[EventDate "2008.??.??"]

1. e4 e5 2. Nf3 Nc6 3. Bb5 Bc5 4. O-O Nd4 5. Nxd4 Bxd4 6. c3 Bb6 7. d4 c6 8.
Ba4 d6 9. Be3 Qh4 10. Nd2 Nf6 11. f3 d5 12. Bf2 Qg5 13. exd5 Nxd5 14. Re1 O-O
15. Rxe5 Qh6 16. Nf1 Bc7 17. Re1 Bf5 18. Bc2 Bg6 19. Be4 Nf4 20. Bg3 Rae8 21.
Qb3 Bb6 22. a4 Bxe4 23. fxe4 Re5 24. a5 Rb5 25. Qd1 Bxa5 26. b4 Bb6 27. Ne3 g6
28. Ng4 Qg5 29. h4 Qe7 30. Bxf4 Qxh4 31. Be5 f5 32. Qb3+ Rf7 33. Nf6+ Kf8 34.
Bd6+ Kg7 35. e5 f4 36. Rf1 Qg3 37. Rf3 1-0

[Event "Lichtenrader Herbst"]
[Site "?"]
[Date "2008.10.22"]
[Round "5.13"]
[White "Moritz, Aron"]
[Black "Mahn, Franko"]
[Result "0-1"]
[WhiteElo "1979"]
[BlackElo "2167"]
[PlyCount "44"]
[EventDate "2008.??.??"]

1. e4 Nf6 2. e5 Nd5 3. d4 d6 4. c4 Nb6 5. exd6 cxd6 6. Nc3 g6 7. Bd3 Nc6 8. Be3
Bg7 9. Nge2 O-O 10. a3 e5 11. d5 Ne7 12. Ng3 f5 13. f4 Bd7 14. Qb3 Be8 15. c5
exf4 16. Bxf4 dxc5 17. d6+ Bf7 18. Qb5 Ned5 19. Nxd5 Nxd5 20. O-O Nxf4 21. Rxf4
Qxd6 22. Raf1 a6 0-1

[Event "Lichtenrader Herbst"]
[Site "?"]
[Date "2008.10.22"]
[Round "5.15"]
[White "Poppner, Dietmar"]
[Black "Richter, Götz"]
[Result "0-1"]
[WhiteElo "2111"]
[BlackElo "1963"]
[PlyCount "108"]
[EventDate "2008.??.??"]

1. f4 d5 2. Nf3 g6 3. c4 d4 4. b4 c5 5. bxc5 e6 6. Bb2 Bxc5 7. Ne5 Nc6 8. Nxc6
bxc6 9. Qa4 Ne7 10. Ba3 Qd6 11. Bxc5 Qxc5 12. Na3 Rb8 13. Rb1 Rxb1+ 14. Nxb1
O-O 15. d3 e5 16. fxe5 Qxe5 17. Nd2 Bf5 18. Qxa7 Bxd3 19. Nf3 Qe3 20. Qxd4 Qc1+
21. Kf2 Bxc4 22. Ne5 Be6 23. g4 c5 24. Qe3 Qxe3+ 25. Kxe3 Bd5 26. Rg1 Ra8 27.
Nd7 Ra3+ 28. Kf2 c4 29. Nf6+ Kg7 30. Nxd5 Nxd5 31. Bg2 Nb4 32. Rb1 Nxa2 33. Ra1
Ra6 34. Bd5 c3 35. Ke3 c2 36. Bxa2 Rxa2 37. Rc1 Kf6 38. Kf4 Ke6 39. e4 f6 40.
h4 h6 41. h5 g5+ 42. Ke3 Ke5 43. Rf1 Ra3+ 44. Kd2 Rg3 45. Rf5+ Ke6 46. Kxc2
Rxg4 47. Kd3 Rh4 48. Kd4 Rxh5 49. Ra5 Rh1 50. Ke3 Rf1 51. Ke2 Rf4 52. Ke3 Kf7
53. Ra6 h5 54. Ra5 h4 0-1

[Event "Lichtenrader Herbst"]
[Site "?"]
[Date "2008.10.22"]
[Round "5.16"]
[White "Kropman, Alexei"]
[Black "Kaphle, Sebastian"]
[Result "1/2-1/2"]
[WhiteElo "1960"]
[BlackElo "2109"]
[PlyCount "71"]
[EventDate "2008.??.??"]

1. e4 e5 2. Nf3 Nc6 3. Bc4 Nf6 4. d3 Be7 5. O-O O-O 6. Re1 d6 7. a4 Bg4 8. c3
Re8 9. Nbd2 Qd7 10. Nf1 Bf8 11. h3 Be6 12. Bxe6 Rxe6 13. Bg5 h6 14. Bxf6 Rxf6
15. Ne3 Re8 16. Nd5 Rfe6 17. Nh2 Ne7 18. Nxe7+ Bxe7 19. Ng4 Bg5 20. Ne3 c6 21.
Qg4 Bxe3 22. Rxe3 Qd8 23. a5 d5 24. Rg3 Rg6 25. Qf5 Rxg3 26. fxg3 d4 27. c4 Qe7
28. a6 b6 29. Rf1 Qc7 30. b4 Re6 31. h4 Rf6 32. Qg4 Re6 33. h5 Qe7 34. b5 c5
35. Rf2 Qg5 36. Qxg5 1/2-1/2

[Event "Lichtenrader Herbst"]
[Site "?"]
[Date "2008.10.22"]
[Round "5.17"]
[White "Gremm, Albert Jürgen"]
[Black "Poseck, Steffen"]
[Result "0-1"]
[WhiteElo "1947"]
[BlackElo "2092"]
[PlyCount "86"]
[EventDate "2008.??.??"]

1. d4 d5 2. Nc3 Nf6 3. Bg5 g6 4. Bxf6 exf6 5. e3 Bg7 6. Bd3 f5 7. Nge2 c6 8.
Nf4 Nd7 9. h4 h5 10. g3 Nf6 11. Nce2 Qe7 12. c3 b6 13. Qb3 Be6 14. c4 O-O 15.
Nc3 Rad8 16. a4 Rd7 17. Kf1 Ne4 18. Bxe4 dxc4 19. Qc2 fxe4 20. Nxe6 Qxe6 21.
Qxe4 Qxe4 22. Nxe4 c5 23. dxc5 f5 24. Nc3 bxc5 25. Ke2 Rb8 26. Rhd1 Rxb2+ 27.
Kf3 Rxd1 28. Nxd1 Rxf2+ 29. Kxf2 Bxa1 30. Ke2 Be5 31. e4 c3 32. Kd3 fxe4+ 33.
Kc2 Bxg3 34. Nxc3 Bxh4 35. Nxe4 Be7 36. Kd3 g5 37. Kc4 g4 38. Kb5 h4 39. Nf2 g3
40. Nh3 g2 41. a5 Bd8 42. a6 Bb6 43. Kc4 Kf8 0-1

[Event "Lichtenrader Herbst"]
[Site "?"]
[Date "2008.10.22"]
[Round "5.19"]
[White "Mandic, Milenko"]
[Black "Davydov, Ruven"]
[Result "0-1"]
[WhiteElo "2042"]
[BlackElo "1865"]
[PlyCount "44"]
[EventDate "2008.??.??"]

1. d4 d5 2. Bf4 e6 3. Nf3 Bd6 4. Qd2 Nd7 5. c4 Bxf4 6. Qxf4 c5 7. cxd5 exd5 8.
Nc3 Ngf6 9. Qg5 cxd4 10. Nxd4 O-O 11. e3 Qb6 12. Rb1 h6 13. Qh4 Ne5 14. Be2 Nc4
15. Nb3 Bf5 16. Rd1 Bc2 17. Nxd5 Nxd5 18. Rxd5 Bxb3 19. O-O Nxe3 20. Rb5 Qxb5
21. Bxb5 Nxf1 22. axb3 Nd2 0-1

[Event "Lichtenrader Herbst"]
[Site "?"]
[Date "2008.10.22"]
[Round "5.20"]
[White "Friedrich, Wiede"]
[Black "Kujawa, Werner"]
[Result "1-0"]
[WhiteElo "2036"]
[BlackElo "1859"]
[PlyCount "75"]
[EventDate "2008.??.??"]

1. e4 e6 2. d3 d5 3. Qe2 dxe4 4. dxe4 b6 5. Nc3 Ba6 6. Qf3 Bxf1 7. Kxf1 Nd7 8.
g3 Ngf6 9. Bg5 Be7 10. Rd1 Qb8 11. Qe2 c6 12. Nf3 h6 13. Bxf6 Bxf6 14. Kg2 Qc7
15. Qc4 Bxc3 16. Qxc3 O-O 17. e5 a5 18. Rd6 Rac8 19. Re1 Rfd8 20. a3 Nc5 21.
Red1 Nb7 22. Rxd8+ Rxd8 23. Rxd8+ Nxd8 24. Nd2 Qd7 25. f3 Qd5 26. Nc4 Qb5 27.
Qb3 Qd5 28. Qxb6 Qxc4 29. Qxd8+ Kh7 30. Qd3+ Qxd3 31. cxd3 Kg8 32. Kf2 Kf8 33.
Ke3 Ke7 34. Kd4 Kd7 35. Kc4 Kc7 36. f4 h5 37. h3 g6 38. a4 1-0

[Event "Lichtenrader Herbst"]
[Site "?"]
[Date "2008.10.23"]
[Round "6.1"]
[White "Rudolf, Henrik"]
[Black "Graf, Alexander"]
[Result "0-1"]
[WhiteElo "2368"]
[BlackElo "2636"]
[PlyCount "72"]
[EventDate "2008.??.??"]

1. e4 e6 2. d4 d5 3. Nc3 Nf6 4. e5 Nfd7 5. f4 c5 6. Nf3 Nc6 7. Be3 Qb6 8. Na4
Qa5+ 9. c3 c4 10. b4 Qc7 11. Be2 Be7 12. O-O O-O 13. Kh1 f6 14. Qd2 b5 15. Nc5
Nxc5 16. dxc5 Bd7 17. exf6 Bxf6 18. Nd4 Bxd4 19. Bxd4 a5 20. a3 axb4 21. cxb4
Nxd4 22. Qxd4 Qd8 23. Qe5 Qf6 24. Qd6 Rfd8 25. c6 Ra6 26. Qc5 Bxc6 27. Bf3 Bd7
28. g3 Rc8 29. Qf2 Rca8 30. Bg2 Rxa3 31. Rxa3 Rxa3 32. f5 Ra1 33. h4 Rxf1+ 34.
Qxf1 Qxf5 35. Qxf5 exf5 36. Bxd5+ Kf8 0-1

[Event "Lichtenrader Herbst"]
[Site "?"]
[Date "2008.10.23"]
[Round "6.2"]
[White "Meister, Jakob"]
[Black "Boewer, Roland"]
[Result "1-0"]
[WhiteElo "2481"]
[BlackElo "2238"]
[PlyCount "51"]
[EventDate "2008.??.??"]

1. e4 c5 2. c3 g6 3. d4 cxd4 4. cxd4 d5 5. Nc3 dxe4 6. Bc4 Nf6 7. Qb3 e6 8. d5
Bg7 9. dxe6 fxe6 10. Bxe6 Bxe6 11. Qxe6+ Qe7 12. Qxe7+ Kxe7 13. Bg5 Nbd7 14.
Nxe4 Rac8 15. Nf3 h6 16. Nxf6 Bxf6 17. Bxf6+ Kxf6 18. O-O Rc2 19. Rad1 Nb6 20.
Rd6+ Ke7 21. Rxg6 Rxb2 22. Rg7+ Kd6 23. Rxb7 Rxa2 24. h4 Nc4 25. Rd1+ Nd2 26.
Rxd2+ 1-0

[Event "Lichtenrader Herbst"]
[Site "?"]
[Date "2008.10.23"]
[Round "6.3"]
[White "Kiesekamp, Marcos"]
[Black "Grochowalski, Pawel"]
[Result "1-0"]
[WhiteElo "2338"]
[BlackElo "2096"]
[PlyCount "63"]
[EventDate "2008.??.??"]

1. c4 c5 2. Nf3 Nf6 3. Nc3 Nc6 4. d4 cxd4 5. Nxd4 d6 6. e4 e6 7. Be3 Be7 8. Be2
O-O 9. O-O a6 10. Rc1 Ne5 11. f4 Ned7 12. Bf3 Qc7 13. Re1 Rd8 14. Qd2 Ne8 15.
Qf2 Rb8 16. b4 b6 17. b5 Nc5 18. Red1 Rd7 19. Nc6 Ra8 20. e5 Bf8 21. Bxc5 bxc5
22. Rb1 Bb7 23. b6 Qc8 24. Na5 Bxf3 25. Qxf3 Rb8 26. b7 Qc7 27. Nc6 Rxb7 28.
Rxb7 Qxb7 29. Rb1 Qc7 30. Rb8 d5 31. cxd5 exd5 32. Nxd5 1-0

[Event "Lichtenrader Herbst"]
[Site "?"]
[Date "2008.10.23"]
[Round "6.4"]
[White "Mahn, Franko"]
[Black "Reichenbach, Werner"]
[Result "0-1"]
[WhiteElo "2167"]
[BlackElo "2285"]
[PlyCount "136"]
[EventDate "2008.??.??"]

1. d4 Nf6 2. Nf3 g6 3. c4 Bg7 4. Nc3 O-O 5. e4 d6 6. Be2 Nbd7 7. O-O c6 8. Rb1
a5 9. b3 Qc7 10. Ba3 Rd8 11. Qd2 Nf8 12. Rfd1 Bg4 13. Qe3 Bxf3 14. Bxf3 N6d7
15. g3 Ne6 16. Bg4 Qb6 17. Ne2 Ndf8 18. Rd3 Qa7 19. Bb2 Nc7 20. d5 Qxe3 21.
Rxe3 e5 22. Bc3 c5 23. a4 h5 24. Bh3 Re8 25. Rd3 b6 26. Bd2 Na6 27. Be3 Re7 28.
Nc3 Nc7 29. Rf1 Nh7 30. Bc1 Rf8 31. f4 exf4 32. Bxf4 Be5 33. Bh6 Rfe8 34. Bg2
Rd8 35. Kh1 Ne8 36. Bd2 Nef6 37. Nb5 Kg7 38. Kg1 Ng4 39. Kh1 f6 40. Bc1 Rh8 41.
h3 Nh6 42. Na3 Nf7 43. Nb1 Nhg5 44. h4 Nh7 45. Na3 Nh6 46. Nb5 Ng4 47. Bf4 Rd8
48. Bf3 g5 49. Bd2 Kg6 50. Nc3 Bd4 51. Rxd4 cxd4 52. Nb5 Ne5 53. Bg2 d3 54. Be3
Rb7 55. Bh3 g4 56. Bg2 Nf7 57. Nd4 Ne5 58. Nb5 Nf8 59. Rf2 Kg7 60. Rf5 Nfg6 61.
Rf2 Nf3 62. Bxf3 gxf3 63. Bd4 Ne5 64. Bxe5 fxe5 65. Rxf3 d2 66. Rd3 Rf7 67. Kg2
Kf6 68. Rxd2 Ke7 0-1

[Event "Lichtenrader Herbst"]
[Site "?"]
[Date "2008.10.23"]
[Round "6.6"]
[White "Richter, Götz"]
[Black "Gruzmann, Boris"]
[Result "1-0"]
[WhiteElo "1963"]
[BlackElo "2254"]
[PlyCount "67"]
[EventDate "2008.??.??"]

1. e4 c5 2. Nf3 d6 3. c3 Nf6 4. Be2 g6 5. O-O Bg7 6. d3 O-O 7. h3 Nc6 8. Re1 e5
9. Nbd2 Be6 10. Bf1 Ne8 11. Kh1 Nc7 12. Nh2 f5 13. Ndf3 f4 14. g4 fxg3 15. fxg3
Kh8 16. Be3 Qd7 17. Ng5 Bg8 18. h4 Qe7 19. Bh3 d5 20. h5 d4 21. Bd2 Rf2 22. Re2
Raf8 23. hxg6 hxg6 24. Rxf2 Rxf2 25. Nhf3 dxc3 26. bxc3 c4 27. Qe1 Rxf3 28.
Nxf3 cxd3 29. Kg2 Bf6 30. Qe3 Qd8 31. Qh6+ Bh7 32. Ng5 Qg8 33. Rf1 Qg7 34. Qh4
1-0

[Event "Lichtenrader Herbst"]
[Site "?"]
[Date "2008.10.23"]
[Round "6.11"]
[White "Davydov, Ruven"]
[Black "Hämmerlein, Thomas"]
[Result "1-0"]
[WhiteElo "1865"]
[BlackElo "2179"]
[PlyCount "51"]
[EventDate "2008.??.??"]

1. d4 Nf6 2. c4 g6 3. Nc3 d5 4. cxd5 Nxd5 5. e4 Nb6 6. Bf4 Bg7 7. Rc1 c6 8. Be3
Be6 9. Nf3 Bc4 10. Bxc4 Nxc4 11. O-O Nxe3 12. fxe3 O-O 13. Qb3 b6 14. e5 Bh6
15. Rce1 c5 16. Ne4 Qc8 17. Nfg5 c4 18. Qb5 Qc6 19. Qb4 Bxg5 20. Nxg5 h6 21.
Nf3 e6 22. Nd2 b5 23. Qe7 Nd7 24. Qh4 Kg7 25. Ne4 Rh8 26. Nd6 1-0

[Event "Lichtenrader Herbst"]
[Site "?"]
[Date "2008.10.23"]
[Round "6.13"]
[White "Völz, Stephan"]
[Black "Hein, Carsten"]
[Result "1/2-1/2"]
[WhiteElo "2010"]
[BlackElo "2154"]
[PlyCount "27"]
[EventDate "2008.??.??"]

1. d4 e6 2. c4 f5 3. Nc3 Nf6 4. Nf3 Bb4 5. e3 O-O 6. Bd3 d5 7. O-O c6 8. Ne5
Nbd7 9. f4 Nxe5 10. fxe5 Ne4 11. Nxe4 fxe4 12. Rxf8+ Bxf8 13. Be2 Qg5 14. Bd2
1/2-1/2

[Event "Lichtenrader Herbst"]
[Site "?"]
[Date "2008.10.23"]
[Round "6.14"]
[White "Kaphle, Sebastian"]
[Black "Barwich, Alfred"]
[Result "1-0"]
[WhiteElo "2109"]
[BlackElo "1920"]
[PlyCount "93"]
[EventDate "2008.??.??"]

1. e4 e5 2. Bc4 Nf6 3. d3 d6 4. Nc3 c6 5. Nf3 Be7 6. O-O O-O 7. Re1 b5 8. Bb3
Nbd7 9. d4 Qc7 10. a3 a6 11. Bg5 Re8 12. Qd2 Nb6 13. Rad1 Bg4 14. dxe5 dxe5 15.
Qe3 a5 16. h3 Bh5 17. g4 Bg6 18. Bxf6 Bxf6 19. Qc5 Rac8 20. a4 b4 21. Nb1 Nd7
22. Qc4 Nb6 23. Qa6 Ra8 24. Qe2 c5 25. Nbd2 Qc6 26. Nc4 Nxc4 27. Bxc4 Qc7 28.
b3 Rad8 29. Bd5 Qe7 30. Qb5 h5 31. Qxa5 hxg4 32. hxg4 Rxd5 33. Rxd5 Qe6 34. Nh2
Bxe4 35. Rd2 Bf3 36. Qxc5 Bxg4 37. Qxb4 Bh5 38. Rd6 Qf5 39. Qe4 Qg5+ 40. Qg2
Qf5 41. c4 Be7 42. Rd5 f6 43. Rb5 Rd8 44. a5 Be8 45. Rb7 Qe6 46. a6 e4 47. Rxe4
1-0

[Event "Lichtenrader Herbst"]
[Site "?"]
[Date "2008.10.23"]
[Round "6.15"]
[White "Schlüter, Bernd"]
[Black "Kropman, Alexei"]
[Result "1/2-1/2"]
[WhiteElo "2076"]
[BlackElo "1960"]
[PlyCount "31"]
[EventDate "2008.??.??"]

1. d4 d5 2. Nf3 e6 3. c4 Nf6 4. Nc3 c6 5. Bg5 h6 6. Bxf6 Qxf6 7. e3 Nd7 8. Rc1
g6 9. Bd3 dxc4 10. Bxc4 Bg7 11. e4 e5 12. d5 Nb6 13. Bb3 O-O 14. O-O Bg4 15. h3
Bxf3 16. Qxf3 1/2-1/2